LEADER 01418cam0-22004931i-450- 001 990002517160403321 005 20071107105008.0 010 $a0-387-90138-8 035 $a000251716 035 $aFED01000251716 035 $a(Aleph)000251716FED01 035 $a000251716 100 $a20030910d1965----km-y0itay50------ba 101 0 $aeng 105 $aa-------001yy 200 1 $aReal abstract analysis$ea modern treatment of theory of functions of a real variable$fby Edwin Hewitt and Karl Stromberg 210 $aBerlin [etc.]$cSpringer Verlag$d1965 215 $aVIII, 476 p.$cill.$d24 cm 225 1 $aGraduate texts in mathematics$v25 610 0 $aFunzioni reali$aTeoria generale 610 0 $aAnalisi funzionale 610 0 $aAlgebre astratte 610 0 $aFunzioni di una variabile reale$aManuali 676 $a519 676 $a517 676 $a517.36 700 1$aHewitt,$bEdwin$041191 701 1$aStromberg,$bKarl$041575 801 0$aIT$bUNINA$gRICA$2UNIMARC 901 $aBK 912 $a990002517160403321 952 $aMVII-A117$fMAS 952 $aMVII-A-117$b961$fMAS 952 $a14A-061$b5817$fFI1 952 $a7-H-11$b12316$fMA1 952 $a14A-061.001$b15999$fFI1 952 $aZIT-101$b22593$fMA1 959 $aMAS 959 $aFI1 959 $aMA1 962 $a26-01 962 $a26AXX 996 $aReal abstract analysis$9439245 997 $aUNINA LEADER 00987nam0-22003251i-450- 001 990002001310403321 005 20130319144403.0 035 $a000200131 035 $aFED01000200131 035 $a(Aleph)000200131FED01 035 $a000200131 100 $a20030910d1903----km-y0itay50------ba 101 0 $afre 102 $aFR 105 $ay---j---001yy 200 1 $aGuide du naturaliste preparateur et du voyageur scientifique$fG. Capus, G. Bohn 210 $aParis$cJ. B. Bailliere et fils$d1903 215 $a330 p.$d18 cm 610 0 $aLaboratorio$aTecniche 610 0 $aMateriali$aScientifici$aRaccolta$aPreparazione 676 $a579 700 1$aCapus,$bGuillaume$f<1857-1931>$084512 701 1$aBohn,$bGeorges$084827 801 0$aIT$bUNINA$gRICA$2UNIMARC 901 $aBK 912 $a990002001310403321 952 $a61 I A.6/101$b1470$fDAGEN 959 $aDAGEN 996 $aGuide du naturaliste preparateur et du voyageur scientifique$9403307 997 $aUNINA